| 000 | 01202cam a2200301 i 4500 | ||
|---|---|---|---|
| 999 |
_c529344 _d529344 |
||
| 001 | 2249635 | ||
| 003 | NUST | ||
| 005 | 20190924141053.0 | ||
| 008 | 771020s1977 dcua b 000 0 eng | ||
| 010 | _a 77078751 | ||
| 020 |
_a0309025419 : _c$4.00 |
||
| 038 | _aMSOHAIL | ||
| 040 |
_aDLC _cDLC _dDLC |
||
| 050 | 0 | 0 |
_aTE195 _b.N37 1977 |
| 082 | 0 | 0 | _a658.913881 |
| 110 | 2 |
_aNational Research Council (U.S.). _bTransportation Research Board. _919676 |
|
| 245 | 1 | 0 | _aStaffing and management for social, economic, and environmental impact assessments. |
| 260 |
_aWashington : _bTransportation Research Board, National Research Council, _c1977. |
||
| 300 |
_a43 p. : _bdiagrs. ; _c28 cm. |
||
| 440 | 0 |
_aSynthesis of highway practice ; _v40 _921244 |
|
| 500 | _a"Research sponsored by the American Association of State Highway and Transportation Officials in cooperation with the Federal Highway Administration." | ||
| 504 | _aBibliography: p. 14. | ||
| 650 | 0 |
_aHighway engineering _xManagement. _921149 |
|
| 650 | 0 |
_aHighway planning _xCitizen participation. _921245 |
|
| 650 | 0 |
_aEnvironmental impact statements. _920816 |
|
| 906 |
_a7 _bcbc _corignew _d2 _eopcn _f19 _gy-gencatlg |
||
| 942 |
_2ddc _cBK |
||